[Event "Yerevan"]
[Site "Yerevan"]
[Date "1996.??.??"]
[Round "1"]
[White "Khalifman, Alexander"]
[Black "Akopian, Vladimir Eduardovic"]
[Result "1/2-1/2"]
[WhiteElo "2650"]
[BlackElo "2620"]
[Annotator "Lutz,C"]
[PlyCount "75"]
[EventDate "1996.04.??"]
[EventType "tourn"]
[EventRounds "11"]
[EventCountry "ARM"]
[EventCategory "15"]
[SourceTitle "CBM 053"]
[Source "ChessBase"]
[SourceDate "1996.08.01"]
[SourceVersion "1"]
[SourceVersionDate "1996.08.01"]
[SourceQuality "1"]

1. d4 d5 2. c4 c6 3. Nc3 Nf6 4. Nf3 e6 5. Bg5 h6 6. Bxf6 Qxf6 7. e3 Nd7 8. Bd3
dxc4 9. Bxc4 g6 10. O-O Bg7 11. e4 {11.h3 ist eine genauere Idee. Der Bc8
kommt dann nicht so leicht zur Entwicklung:} (11. h3 O-O 12. e4 e5 $1 (12...
Qe7 13. Qe2 b5 14. Bb3 Bb7 15. Rad1 a6 16. e5 c5 17. d5 c4 18. Bc2 exd5 19.
Nxd5 Qc5 20. b4 cxb3 21. Bxb3 Rae8 22. Rc1 Qa7 23. Rc7 Nxe5 24. Ne7+ Rxe7 25.
Rxe7 Bxf3 26. Qxe5 Qa8 27. Bxf7+ Rxf7 28. Re8+ Kh7 29. Rxa8 Bxe5 30. gxf3 $16 {
1-0 Khenkin,I-Tyomkin,D/ISR-chT (02) (Elizur-Beer2) ;EXP 52 1996 (41)}) 13. d5
Nb6 14. Bb3 Rd8 15. Qe2 Bf8 16. Rac1 (16. Rfd1 $5 {mit der Idee a4-a5 wurde
von Ehlvest im NIC Magazine vorgeschlagen. Meines Erachtens steht Weiß dann
etwas besser.}) 16... Bd7 17. Rfd1 Be8 18. a3 Kg7 19. Ba2 Rac8 20. Qe3 c5 21.
Qe2 c4 22. Nd2 Bc5 23. Rf1 Rc7 24. Nxc4 Nxc4 {Gemäß Ehlvest hat Schwarz
Kompensation für den Bauern.} 25. Bxc4 Rdc8 $2 (25... a6 {Ehlvest,J}) 26. Bb5
Bxb5 27. Qxb5 Qf4 28. Qe2 Bd4 29. Rc2 Rc5 30. Rd1 a6 31. Rd3 h5 32. g3 Qf6 33.
h4 Qd6 34. Qf3 R8c7 35. Kg2 Rc4 36. Qd1 b5 37. Qf3 Qc5 38. Qd1 Qd6 39. Qf3 Qc5
40. g4 hxg4 41. Qxg4 Qd6 42. Qg3 b4 43. axb4 Rxb4 44. Re2 Rcc4 45. Kf1 Qb8 46.
h5 Rxb2 47. hxg6 fxg6 48. Rxb2 Qxb2 49. Ne2 Bxf2 50. Kxf2 Rxe4 51. Re3 Qb6 52.
Nc3 Rf4+ 53. Kg2 Qb4 54. Qe1 Rg4+ 55. Kh3 Qf4 56. Ne4 Qf5 57. Kh2 g5 58. Ng3
Rh4+ 59. Kg1 Qc2 60. Re2 Qc5+ 61. Rf2 Rf4 62. Nh5+ {1-0 Ehlvest,J-Kharlov,A/
Novosibirsk (10) ;CBM 50 1995}) 11... e5 $1 {Schwarz soll genau dann ...e5
spielen, wenn Weiß e4 gespielt hat und e4-e5 droht. Mit dem weißen Pe3 macht ..
.e5 nicht so viel Sinn, da Weiß dann einfach im Zentrum verharrt.} 12. d5 Nb6
13. Bb3 Bg4 14. h3 Bxf3 15. Qxf3 Qxf3 16. gxf3 Ke7 {In Khalifman,A-Ehlvest,J/
Paernu-A (02)/CBM52 1996 wurde hier Remis vereinbart. Ich habe nicht den
Eindruck, daß Weiß irgendetwas hat.} 17. dxc6 bxc6 {[%csl Ra7,Rc6,Rf2,Rf3,Rh3]
Angesicht der weißen Schwächen am Königsflügel spielt diese Zersplitterung der
Bauern keine Rolle.} 18. Rfc1 Rhd8 19. Nd1 Rd6 20. Rc3 a5 21. Ne3 h5 22. Rac1
a4 23. Bd1 Kd7 24. Kf1 Bh6 25. Ke1 Kc7 26. Be2 Kb7 27. R1c2 Ra5 28. a3 Bxe3 29.
fxe3 f5 30. Rc5 Rxc5 31. Rxc5 fxe4 32. fxe4 Re6 33. Ra5 Kc7 34. Kd2 Kd6 35. Ra6
Kc5 36. Ra5+ Kd6 37. Ra6 Kc5 38. Ra5+ 1/2-1/2

[Event "Moscow Aeroflot op-A"]
[Site "Moscow"]
[Date "2005.02.22"]
[Round "8"]
[White "Van Wely, Loek"]
[Black "Kobalia, Mihail"]
[Result "1/2-1/2"]
[WhiteElo "2679"]
[BlackElo "2634"]
[Annotator "Lutz,C"]
[PlyCount "70"]
[EventDate "2005.02.15"]
[EventType "swiss"]
[EventRounds "9"]
[EventCountry "RUS"]
[SourceTitle "CBM 106"]
[Source "ChessBase"]
[SourceDate "2005.06.06"]
[SourceVersion "1"]
[SourceVersionDate "2005.06.06"]
[SourceQuality "1"]

1. d4 d5 2. c4 c6 3. Nc3 Nf6 4. Nf3 e6 5. Bg5 h6 6. Bh4 dxc4 7. e4 g5 8. Bg3 b5
9. Be2 Bb7 10. h4 g4 11. Ne5 h5 12. O-O Nbd7 13. Qc2 Nxe5 14. Bxe5 Bg7 15. Rad1
{Es ist interessant, dass Van Wely nicht zu Sakaevs Fortsetzung 15.Lg3 greift
und stattdessen das häufiger gespielte 15.Tad1 anwendet. Die danach
entstehenden Stellungen kann man mit Fug und Recht als "unklar" bezeichnen, es
scheint mir jedoch nicht, dass Weiß etwas Besonderes hat.} (15. Bg3) 15... O-O
16. Bg3 Nd7 17. f3 Qb6 {Während Weiß sich über den schwarzen Königsflügel
hermacht, sucht Schwarz das Gegenspiel gegen d4.} 18. Kh1 c5 (18... e5 19. dxe5
$5 (19. d5 cxd5 20. Nxd5 Bxd5 21. Rxd5 Rad8 22. fxg4 hxg4 23. Bxg4 Nf6 $11 {
1/2-1/2 Vallejo Pons,F-Dreev,A/Biel 2002/CBM 91/[Lutz] (42)}) 19... Nxe5 20.
Qc1 (20. fxg4 $5 hxg4 21. Bxe5 Bxe5 22. Qc1 Bg7 $132) 20... Rae8 21. fxg4 hxg4
22. Rd6 $13 {1-0 Filippov,V-Borovikov,V/Chalkidiki 2002/CBM 92/[Lutz] (60)})
19. d5 Ne5 20. fxg4 hxg4 21. Qc1 Nd3 $146 (21... exd5 22. Nxd5 Bxd5 23. Rxd5
Rae8 24. Rf5 f6 25. Qd1 Nf7 26. e5 (26. Bxg4 $5 {Lutz}) 26... Nh6 27. Rh5 Qe6
28. Rd6 Qf7 29. Bxg4 Nxg4 30. Qxg4 f5 31. Qg5 (31. Qf3 $5 {Lutz}) 31... f4 32.
Rf6 Rxe5 33. Rxf7 Rxf7 34. Qd8+ Rf8 35. Qd1 Rxh5 36. Qxh5 fxg3 37. Qd5+ Kh7 38.
Qh5+ Kg8 (38... Bh6 {Lutz} 39. Kg1 $11) 39. Qd5+ Kh7 40. Qh5+ {1/2-1/2 Avrukh,
B-Novikov,I/Mallorca 2004/CBM 104/[Lutz] (40)}) (21... b4 $5) 22. Bxd3 (22. Qg5
exd5 23. Nxd5 Bxd5 24. exd5 Qg6 {nimmt Weiß den Wind aus den Segeln.} (24...
Nxb2 25. d6 $5 Nxd1 26. Bxd1 $44)) 22... cxd3 23. Rxd3 (23. Qg5 exd5 24. exd5
Qg6 $17) 23... b4 24. Ne2 $6 {Vielleicht sollte Weiß kleinere Brötchen backen.}
(24. dxe6 $5 {ist ein interessanter Zug, der vermutlich zum Dauerschach führt.}
bxc3 (24... fxe6 25. Rxf8+ Rxf8 26. Qg5 bxc3 27. Be5 Rf7 28. Rd8+ $16) 25.
exf7+ Rxf7 (25... Kh8 $2 26. Rd6 cxb2 27. Qg5 $18) 26. Rxf7 Kxf7 27. Rd7+ Kg8
28. Bd6 (28. Qg5 Qh6 $19) 28... cxb2 29. Rxg7+ Kxg7 30. Qg5+ Kf7 31. Qf5+ $11)
24... exd5 25. exd5 Rae8 26. Rd2 Bh6 (26... Ba6 $5 27. Re1 c4 $36) 27. Bf4 Qf6
$6 (27... Ba6 $5 28. Re1 c4 $36) 28. Bg5 Qh8 29. Rd4 $2 {Effektvoll, aber
nicht wirklich gut.} (29. Rdd1 $5 Bxg5 (29... Bg7 30. Qc4) 30. Qxg5+ Qg7 31.
Qxg7+ Kxg7 32. Ng3 $36) 29... Bg7 (29... cxd4 30. Bxh6 Qe5 31. Qf4 $11) 30.
Rxg4 f5 31. Rg3 Rxe2 32. Bh6 Bxd5 $6 {Schwarz beschließt, das Remis zu sichern.
} (32... Rf7 $5 {erschien Schwarz während der Partie anscheinend zu riskant,
aber Mehrfigur ist Mehrfigur ...} 33. Qg5 Re5 34. d6 Bc6 35. Kg1 Kf8 $17) 33.
Rxg7+ Qxg7 34. Bxg7 Rxg2 35. Bxf8 (35. Qxc5 Rd2+ 36. Qxd5+ Rxd5 37. Bxf8 Kxf8
$11) 35... Rc2+ 1/2-1/2

[Event "Moscow Aeroflot op-A"]
[Site "Moscow"]
[Date "2005.02.22"]
[Round "8"]
[White "Khalifman, Alexander"]
[Black "Motylev, Alexander"]
[Result "1/2-1/2"]
[WhiteElo "2662"]
[BlackElo "2665"]
[Annotator "Lutz,C"]
[PlyCount "71"]
[EventDate "2005.02.15"]
[EventType "swiss"]
[EventRounds "9"]
[EventCountry "RUS"]
[SourceTitle "CBM 106"]
[Source "ChessBase"]
[SourceDate "2005.06.06"]
[SourceVersion "1"]
[SourceVersionDate "2005.06.06"]
[SourceQuality "1"]

1. d4 d5 2. c4 c6 3. Nf3 Nf6 4. Nc3 e6 5. Bg5 h6 6. Bh4 dxc4 7. e4 g5 8. Bg3 b5
9. Be2 Bb7 10. O-O {Interessanterweise wählt Khalifman diesmal nicht 'seine'
Variante 10.h4, sondern kehrt zu einem älteren System zurück.} Nbd7 11. a4 {
Dieser Zug wurde einige Male von GM Rulan Sherbakov angewandt. Falls Schwarz
zu 11...a6 greift, gewinnt 12.d5 an Kraft. Daher muss Schwarz seine Formation
am Damenflügel lockern, aber andererseits muss Weiß wegen des ungedeckten Pe4
auch sein Zentrum auflösen.} b4 (11... a6 12. d5 cxd5 13. exd5 Nxd5 14. axb5
Nxc3 15. bxc3 axb5 16. Rb1 (16. Rxa8 Bxa8 17. Nd4 Qb6 18. Qa1 Bd5 19. Rb1 b4
20. Nc2 b3 21. Ne3 Qc6 22. Nxd5 exd5 23. Bf3 Bc5 24. Re1+ Kf8 25. Qd1 Nb6 26.
Bh5 Kg7 27. Be5+ f6 28. Bd4 Nd7 29. Qb1 Nf8 30. Qf5 Qd6 31. Bxc5 Qxc5 32. Re6
Rh7 33. Rxf6 b2 34. Rf7+ Kg8 35. Rxh7 Nxh7 36. Bf7+ Kg7 37. Qg6+ Kf8 38. Qxh7
b1=Q+ 39. Qxb1 Kxf7 40. Qh7+ Ke8 41. Qxh6 Qe7 42. Qc6+ Kf8 43. Kf1 Qe4 44. Qf6+
Ke8 45. Qd4 Qxd4 46. cxd4 Kf7 47. Ke2 Kf6 48. g4 Kf7 49. Ke3 Kf6 50. f4 Kg6 51.
fxg5 Kxg5 52. h3 Kg6 53. h4 Kh6 54. h5 Kg5 55. Kf3 Kh6 56. Kf4 Kg7 57. g5 Kh7
58. Kf3 Kg8 59. g6 Kg7 60. Ke3 Kf6 61. Kf4 Ke6 62. h6 Kf6 63. h7 Kg7 64. Kf3
Kh8 65. Ke3 Kg7 66. Kf4 Kh8 67. Kf5 {1-0 Sherbakov,R-Gurevich,M/Niksic 1996/
EXT 2000 (67)}) 16... Be7 17. Nd4 O-O 18. Rxb5 Bd5 19. Rxd5 exd5 20. Nf5 Ra6
21. Qxd5 Rf6 22. Rd1 Nc5 23. Qe5 Rxf5 24. Qxf5 Qc8 25. Qe5 Re8 26. Bxc4 Bf8 27.
Qd5 Ne6 28. Rc1 Bg7 29. h4 gxh4 30. Bxh4 Qc7 31. Bg3 Qe7 32. Bd3 Rc8 33. c4 Qa3
34. Rd1 Rd8 35. Qf3 Qc3 36. Kh2 Qb2 37. Re1 Qd4 38. Re3 Rc8 39. Re4 Qc5 40. Rg4
{1-0 Goldin,A-Gurevich,M/Niksic 1996/EXT 2000 (40)}) (11... Qb6 12. Ne5 a6 13.
d5 cxd5 14. exd5 Bg7 15. Nxd7 Nxd7 16. dxe6 fxe6 17. Bf3 Ne5 18. Bxb7 Qxb7 19.
Qe2 Nd3 20. Qxe6+ Qe7 21. Qg6+ Kd8 22. Nd5 Qb7 23. Bc7+ {1-0 Sherbakov,
R-Gagarin,V/Minsk 1997/EXT 2000 (23)}) 12. e5 (12. Na2 {Gelfand} Nxe4 13. Bxc4
Bg7 14. Nxb4 Nxg3 15. hxg3 c5) 12... g4 {Dieser Zug wurde von Gelfand in den
Analysen zu seiner Partie gegen Topalov erwähnt. Schwarz hat anscheinend keine
Probleme.} (12... Nh5 {Gelfand} 13. Ne4 c5 14. Nfd2 (14. Nd6+ Bxd6 15. exd6
Nxg3 $11 {1/2-1/2 Sherbakov,R-Galkin,A/Novgorod 1997/CBM 60/[Lutz] (31)}) (14.
Nxc5 {Gelfand} Nxc5 15. dxc5 Qd5 16. Qc1 Ba6 $15) 14... Nxg3 15. fxg3 Be7 (
15... cxd4 {Gelfand} 16. Bh5 Nxe5 $2 17. Nxc4 $1 Nxc4 18. Rxf7 $18) 16. Nd6+
Bxd6 17. exd6 c3 $1 (17... O-O {Gelfand} 18. Nxc4 $14) (17... cxd4 {Gelfand}
18. Nxc4 e5 19. Bh5 O-O 20. Rc1 $15) 18. bxc3 bxc3 19. Nc4 O-O $13 {1/2-1/2
Topalov,V-Gelfand,B/Dortmund 1996/CBM 54/[Gelfand] (57)}) (12... bxc3 {Gelfand}
13. exf6 cxb2 14. Rb1 c3 15. Qb3 $14) (12... Nd5 {Gelfand} 13. Ne4 $36) 13. Nh4
(13. Ne1 {Gelfand} bxc3 14. exf6 cxb2 15. Rb1 Ba6 16. Rxb2 $15) 13... bxc3 14.
exf6 cxb2 15. Rb1 Ba6 {Die beiderseitigen Bauernstrukturen sind zerrüttet. Als
Kompensation für seinen unsicheren König hat Schwarz den Pb2, der Weiß eine
Weile beschäftigen wird.} 16. Bxg4 Nxf6 17. Be2 Bg7 18. Be5 O-O 19. Nf3 Nd5 $6
(19... c5 $5 {sieht vorteilhaft für Schwarz aus, z.B.} 20. dxc5 Qxd1 21. Rfxd1
Ne4 22. Rxb2 c3 23. Ra2 Bxe2 24. Rxe2 Nxc5 $17) 20. Qc2 Qa5 21. Bxc4 {
Khalifman gibt die Qualität. Dieses Opfer scheint angesichts des schwachen
schwarzen Königs annähernd zu genügen.} (21. Rxb2 c3 22. Ra2 Bxe2 23. Qxe2 c5
$13) 21... Nc3 22. Bxa6 Nxb1 23. Bd3 Nc3 24. Qxb2 c5 (24... Nd5 25. Qe2 {/\ Qe4
}) 25. Qd2 Rac8 (25... Rfc8 26. Qf4) 26. Qf4 c4 (26... f6 27. Qg4) 27. Qg4 $1 {
Unter Figurenopfer sichert sich Weiß das Unentschieden. Der Rest ist forciert.}
f6 28. Qxe6+ Kh8 29. Bc2 fxe5 30. Nxe5 Ne2+ 31. Kh1 Nf4 32. Ng6+ Nxg6 33. Qxg6
Kg8 34. Qe6+ Kh8 35. Qg6 Kg8 36. Qe6+ 1/2-1/2

[Event "Sarajevo Bosnia 31st"]
[Site "Sarajevo"]
[Date "2001.05.20"]
[Round "7"]
[White "Atalik, Suat"]
[Black "Dreev, Alexey"]
[Result "0-1"]
[WhiteElo "2537"]
[BlackElo "2685"]
[Annotator "Lutz,C"]
[PlyCount "58"]
[EventDate "2001.05.13"]
[EventType "tourn"]
[EventRounds "9"]
[EventCountry "BIH"]
[EventCategory "16"]
[SourceTitle "CBM 084"]
[Source "ChessBase"]
[SourceDate "2001.09.13"]
[SourceVersion "1"]
[SourceVersionDate "2001.09.13"]
[SourceQuality "1"]

1. d4 {Atalik} d5 2. c4 c6 3. Nf3 Nf6 4. Nc3 e6 5. Bg5 h6 6. Bh4 {'!?' Atalik.
Atalik: 'For me this is the most critical move.'} dxc4 7. e4 g5 8. Bg3 b5 9.
Be2 Bb7 10. h4 (10. Ne5 {Atalik} Bg7 (10... Nbd7 {Atalik} 11. Qc2) 11. h4 $13 {
is Topalov and Van Wely's approach.}) 10... b4 {'!?' Atalik. Atalik: 'There
are different follow ups for black in this position.' Dieser Zug ist die
schärfste Möglichkeit, um der Khalifman-Variante 10.h4 zu begegnen.} ({Die
ruhigere Alternative ist} 10... g4 {0-1 Halkias,S-Asrian,K/Ohrid 2001/CBM
84_01/[Lutz] (38)} 11. Ne5 h5 (11... Rg8 {Atalik} 12. Nxg4 Nbd7 13. e5 $5 $13)
(11... Nbd7 {Atalik Popularized by Shalimov.} 12. Nxd7 Qxd7 13. Be5 Be7 14.
Bxg4 $13) 12. O-O Nbd7 13. Qc2 Nxe5 14. Bxe5 Bg7 15. b3 cxb3 16. axb3 O-O 17.
Rad1) 11. hxg5 {'!?' Atalik. Atalik: 'The modern choice.' Das sieht wie die
derzeit beste weiße Möglichkeit aus, da 11.Na4 Nxe4 12.Be5 Rg8! in Ordnung für
Schwarz zu sein scheint.} (11. Na4 Nxe4 12. Be5 (12. Bxc4 $2 Nxg3 13. fxg3 Nd7
14. hxg5 Qc7 15. Rh3 O-O-O $17 {0-1 Kobalija,M-Yevseev,D/Ekaterinburg 1999/CBM
75/[Lutz] (45)}) 12... Rg8 $1 (12... f6 13. Bxb8 $5 (13. Qc2 $5 c5 14. Bxc4 $5
fxe5 15. O-O-O exd4 16. Rhe1 Qc7 17. Bd3 $13 {0-1 Sherbakov,R-Yagupov,I/St
Petersburg 1999/CBM 74/[Lutz] (54)}) 13... Qxb8 (13... Rxb8 14. hxg5 b3 $2 15.
axb3 fxg5 16. O-O $16 {1-0 Ivanov,S-Sitnikov,D/Smolensk 2000/CBM 77/[Lutz] (22)
}) 14. hxg5 Nxg5 15. Nxg5 (15. Bxc4 $36 {Stohl}) 15... fxg5 16. Bh5+ Kd8 17.
Qe2 $13 {0-1 Atalik,S-Lastin,A/Herceg Novi 2000/EXT 2001 (36)}) 13. hxg5 (13.
Qc2 $6 c5 14. Bxc4 g4 15. Bb5+ Nd7 $15 {0-1 Sokolov,I-Dreev,A/Dos Hermanas
2001/CBM 83/[Stohl] (31)}) 13... hxg5 (13... Nxg5 $5 14. Nd2 Nd7 15. Bg3 Nb6
16. Nxc4 Nxc4 17. Bxc4 Ne4 $13 {1-0 Malakhatko,V-Sumets,A/Alushta 1999/EXT
2001 (38)}) (13... Nxg5 $5 $13 {Atalik}) 14. Bxc4 Nd7 15. Qd3 g4 16. Qxe4 gxf3
17. gxf3 Qa5 18. Nc5 Bxc5 19. dxc5 Nxe5 20. Qxe5 O-O-O $15 {1-0 Xu Jun-Nielsen,
P/Istanbul 2000/EXT 2001/[Heine Nielsen] (62)}) 11... bxc3 12. gxf6 $6 {
Da Weiß mit diesem Zug vermutlich zuviel riskiert, sollte 12.bxc3!? näher
untersucht werden: Atalik: 'In 1998,showing some analysis to me about this
line late Lembit mentioned that this may be in my style.'} (12. bxc3 $5 Nxe4
13. Be5 Rh7 (13... Nxc3 14. Qc2 Nxe2 15. Kxe2 $36 {Stohl}) (13... Rg8 14. Qb1
$1 $16 {Stohl}) 14. Qc2 Qa5 (14... c5 $5 15. Rb1 Bc6 16. Bxc4 $44 {Stohl}) 15.
O-O c5 16. Rab1 Qxc3 $2 17. Qa4+ Bc6 18. Rxb8+ {1-0 Ivanov,S-Potkin,V/St
Petersburg 2000/EXT 2001 (18)}) 12... cxb2 13. Rb1 {Natürlich spielen hier
beide Seiten mit dem Feuer: Weiß hofft auf einen Mattangriff, Schwarz setzt
auf seine Freibauern. Mir scheint aber, dass Schwarz hier gut steht.} Qa5+ {
'!?' Atalik.} (13... c3 $5 {Atalik} 14. Ne5 Qa5 15. O-O $13) (13... Bb4+ {
Atalik} 14. Kf1 c3 15. Ne5 $13) 14. Nd2 c3 15. O-O {'!' Atalik.} Ba6 $1 {
Schwarz darf nicht zu schnell seine Freibauern forcieren.} ({Nach} 15... cxd2
16. Rxb2 Bb4 17. Rb3 $1 {gewinnt Weiß dank der Drohung 18.a3 eine Figur auf
der b-Linie zurück und von der schwarzen Stellung sind nur noch Ruinen übrig.}
Ba6 (17... c5 $2 {Atalik} 18. a3 Bxe4 19. Bf3 Bxf3 20. Qxf3 Qb5 21. dxc5 Nc6
22. Rxb4 Qxc5 23. Rd1 Rd8 24. Rb2 Nd4 25. Qe3 $16) 18. a3 Bxa3 19. Bxb8 Bb4 20.
Be5 Bxe2 21. Qxe2 $13) 16. Nb3 {'N?' Atalik. Atalik: 'Suffering from being
unprepared!'} (16. Nc4 Qxa2 17. Ne3 Bxe2 18. Qxe2 Nd7 19. d5 cxd5 20. exd5 Bc5
21. Nc4 Nxf6 $2 (21... Nb6 22. Nxb6 axb6 23. dxe6 Qxe6 24. Qc2 Qc6 {sieht wie
eine deutliche Verbesserung aus.}) 22. Be5 Nxd5 23. Bxh8 Rc8 24. Ne5 Ke7 25.
Qb5 Rxh8 26. Qxc5+ Kf6 27. Ng4+ Kg6 28. f4 Qa6 29. f5+ Kg5 30. Ne5 Rc8 31.
Nxf7+ Kh5 32. g4+ Kxg4 33. Qd4+ Kh5 34. Rf2 exf5 35. Rh2+ Kg6 36. Rxh6+ Kxf7
37. Rxa6 Ne7 38. Qf6+ Ke8 39. Rxa7 {1-0 Yuferov,S-Sveshnikov,E/St Petersburg
2000/EXT 2001 (39)}) 16... Qxa2 17. Nc5 Bb5 {'!' Atalik.} (17... Bxe2 $2 {
Atalik} 18. Qxe2 Nd7 19. Nxd7 Kxd7 20. d5 $40) 18. Qc2 Qa3 19. Rfd1 Rg8 20.
Bxb5 (20. Bf4 $6 {Atalik} Rg6 21. Bh5 Rxf6 22. Be5 Nd7 23. Nxd7 Kxd7 24. Bxf6
Ba4 25. Qd3 c2 26. Qa6 Qb4 27. Rxb2 Qxb2 28. Qxa4 c1=Q 29. Rxc1 Qxc1+ 30. Bd1
Be7 $19) 20... cxb5 21. Qe2 {'?' Atalik. Atalik: 'The final mistake.'} (21. Rd3
{Atalik} b4 (21... Nc6 {Atalik} 22. Nb3 b4 23. d5 Nd8 $13) 22. Rxb2 $3 Bxc5 (
22... Qxb2 $2 {Atalik} 23. Qa4+) 23. Rb3 Qa5 24. Bxb8 Rxb8 25. dxc5 Rc8 26. Rd4
Qxc5 27. Rdxb4 $1 $44 (27. Rbxb4 $2 {Atalik} Qg5 28. g3 Qxf6 29. Rdc4 Rxc4 30.
Rxc4 Kf8 31. Rxc3 a5 $15)) (21. e5 $2 {Atalik} Nc6 22. Qe4 Rc8 $19) 21... Qb4
22. Nxe6 Qc4 $1 $19 {Atalik: 'After this move the pawns are unstoppable.'
Einfacher als 22...fxe6. Schwarz steht auf Gewinn.} (22... fxe6 $5 23. d5 $132)
23. Nc7+ Kd8 24. Qh5 (24. Qxc4 bxc4 25. Nxa8 c2 26. Bxb8 cxd1=Q+ (26... c3 $5
$19 {Atalik}) 27. Rxd1 c3 $19) (24. Qc2 {Atalik} Rxg3 25. Nxa8 Rg6 $19) 24...
Rg5 25. Qh3 Rxg3 26. Qxg3 Qxc7 27. Qg8 Nd7 28. Qxf7 Qc4 29. d5 Qxe4 (29... Qxe4
30. Re1 c2 $1 $19) 0-1

[Event "Tan Chin Nam Cup 2nd"]
[Site "Beijing"]
[Date "1996.??.??"]
[Round "6"]
[White "Zhang, Zhong"]
[Black "Liang, Jinrong"]
[Result "1/2-1/2"]
[WhiteElo "2425"]
[BlackElo "2425"]
[Annotator "Lutz,C"]
[PlyCount "152"]
[EventDate "1996.08.??"]
[EventType "tourn"]
[EventRounds "9"]
[EventCountry "CHN"]
[EventCategory "10"]
[SourceTitle "CBM 055"]
[Source "ChessBase"]
[SourceDate "1996.12.01"]
[SourceVersion "1"]
[SourceVersionDate "1996.12.01"]
[SourceQuality "1"]

1. d4 d5 2. c4 c6 3. Nf3 Nf6 4. Nc3 e6 5. Bg5 h6 6. Bh4 dxc4 7. e4 g5 8. Bg3 b5
9. a3 $6 {Diese zahme Fortsetzung ist nicht im Geiste des Gambits 6.Bh4. 9.Be2
ist die Normalfortsetzung:} (9. Be2 b4 $5 (9... Bb7 {wird häufiger gespielt.})
10. Na4 Nxe4 11. Be5 Nf6 (11... f6 12. Qc2 $16 {Lputian; Tavadian}) 12. O-O
Nbd7 13. Bxc4 g4 14. Bxf6 (14. Nd2 $5 Nxe5 15. dxe5 Nd7 16. f4 gxf3 17. Qxf3 $2
(17. Nxf3 $5) (17. Bxe6 fxe6 18. Qxf3 $5) 17... Nxe5 18. Qf2 Bg7 19. Ne4 O-O
20. Rad1 Qe7 $17 {Neurohr,S-Beikert,G/BL2-S 9192 (1992) ;BL2 1992}) 14... Qxf6
15. Ne5 h5 $2 (15... Nxe5 16. dxe5 Qxe5 17. Qxg4 Bg7 18. Rfe1 Qg5 19. Qe4 O-O
20. Rad1 $13 {Lputian; Tavadian}) 16. f4 Nxe5 17. fxe5 $16 Qg5 18. Qd3 Bd7 19.
Rad1 Rd8 20. Qe4 h4 21. Rf4 g3 22. h3 Bh6 23. Rf3 Qg6 24. Qe2 Bf8 25. Rdf1 Bc8
26. Bd3 Qg5 27. Rxf7 Rxd4 28. Qf3 Be7 29. Qxc6+ Bd7 30. Rxe7+ Kxe7 31. Qc5+ Ke8
32. Qxd4 Bxa4 33. Qxa7 Bc6 34. Qb8+ Ke7 35. Qd6+ {1-0 Lputian,S-Smagin,S/
URS-ch52 Riga (08) ;URS-ch 1985}) 9... Qa5 10. Nd2 Nbd7 11. Be2 Bb7 12. O-O Qb6
13. b3 Qxd4 14. Qc2 cxb3 15. Nxb3 Qb6 16. a4 a6 17. Kh1 e5 18. Nd2 Bb4 19. Qb2
Qd4 20. Rfc1 Bxc3 (20... O-O $5 $17) 21. Rxc3 b4 22. Rc2 Qxb2 23. Rxb2 c5 24.
f3 Nh5 25. Bf2 Nf4 26. Bc4 Ke7 27. Nb3 Ne6 28. Bxe6 Kxe6 29. Bxc5 Rhc8 $2 (
29... a5 $1 30. Rd1 Rhc8 31. Rd6+ Ke7 $17) 30. Bxb4 Bc6 31. Rd2 $40 f6 32. Na5
Nb8 33. h3 Be8 34. Rd6+ Kf7 35. Rb6 Nd7 36. Rb7 Kg6 37. Rd1 Nc5 38. Re7 Bxa4
39. Rd6 Rab8 40. Bxc5 Rxc5 41. Rxa6 Re8 42. Rb7 Rcc8 43. Raa7 Rg8 44. Rb4 Bc2
45. Nc4 Rb8 46. Rab7 Rxb7 47. Rxb7 Rg7 48. Rb6 Rc7 49. Nxe5+ Kg7 50. Ng4 Rf7
51. Kh2 Ba4 52. e5 fxe5 53. Rxh6 e4 54. fxe4 Rf4 55. Re6 Bc2 56. e5 Bf5 57. Rf6
Bc8 58. Rxf4 gxf4 59. Nf6 Kg6 60. Nd5 Kg5 61. h4+ Kxh4 62. Nxf4 Kg4 63. g3 Kf5
64. e6 Kf6 65. Kg2 Bb7+ 66. Kf2 Bc6 67. Ke3 Kf5 68. Kd4 Kg4 69. Ne2 Kf3 70. Kc5
Be8 71. Kd6 Bh5 72. e7 Kxe2 73. g4 Be8 74. Ke5 Kf3 75. Kf5 Bd7+ 76. Kg5 Kg3
1/2-1/2